[Event "North Sea Cup 22nd"]
[Site "Esbjerg"]
[Date "2007.07.20"]
[Round "10"]
[White "Pedersen, Nicolai Kvist Brond"]
[Black "Nielsen, Per"]
[Result "1-0"]
[WhiteElo "1724"]
[BlackElo "2040"]
[PlyCount "97"]
[EventDate "2007.07.13"]
[EventType "swiss"]
[EventRounds "10"]
[EventCountry "DEN"]
[SourceTitle "CBM 119 Extra"]
[Source "ChessBase"]
[SourceDate "2007.09.04"]
[SourceVersion "1"]
[SourceVersionDate "2007.09.04"]
[SourceQuality "1"]

1. d4 Nf6 2. Nf3 e6 3. Bg5 d5 4. c4 Be7 5. Nc3 0-0 6. cxd5 exd5 7. Qc2 Nbd7 8. e3 Re8 9. Bd3 Nf8 10. 0-0 c6 11. Rab1 a5 12. a3 Ne4 13. Bxe7 Qxe7 14. b4 axb4 15. axb4 Ra3 16. Rb3 Rxb3 17. Qxb3 Be6 18. Ra1 Ng6 19. Qb2 f5 20. Ne5 Nxe5 21. dxe5 b6 22. f3 Nxc3 23. Qxc3 c5 24. bxc5 bxc5 25. f4 c4 26. Be2 Rb8 27. Bf3 Qb7 28. Qd4 Ra8 29. Rd1 Ra2 30. Qxc4 dxc4 31. Bxb7 c3 32. Rc1 Rb2 33. Ba6 Bd5 34. Bf1 c2 35. Kf2 Be4 36. Ke1 Kf7 37. Kd2 Ke6 38. Bc4+ Ke7 39. Bd3 Bxg2 40. Bxf5 Rb6 41. Rxc2 g6 42. Bd3 Rb7 43. Kc3 Bh3 44. Be4 Ra7 45. Rb2 Ra3+ 46. Rb3 Ra4 47. Rb7+ Kd8 48. Rxh7 Be6 49. Bxg6 1-0

[Event "North Sea Cup 22nd"]
[Site "Esbjerg"]
[Date "2007.07.14"]
[Round "2"]
[White "Nielsen, Per"]
[Black "Hagen, Andreas Skytte"]
[Result "0-1"]
[WhiteElo "2040"]
[BlackElo "2241"]
[PlyCount "94"]
[EventDate "2007.07.13"]
[EventType "swiss"]
[EventRounds "10"]
[EventCountry "DEN"]
[SourceTitle "CBM 119 Extra"]
[Source "ChessBase"]
[SourceDate "2007.09.04"]
[SourceVersion "1"]
[SourceVersionDate "2007.09.04"]
[SourceQuality "1"]

1. d4 e6 2. c4 Nf6 3. Nc3 Bb4 4. Bg5 c5 5. d5 d6 6. e3 Bxc3+ 7. bxc3 Qe7 8. Bd3 Nbd7 9. Ne2 exd5 10. cxd5 Qe5 11. Bxf6 Nxf6 12. c4 0-0 13. 0-0 Ng4 14. Ng3 h5 15. Be2 Nxh2 16. f4 Qe7 17. Kxh2 Qh4+ 18. Kg1 Qxg3 19. Rf3 Qg6 20. Bd3 Bf5 21. Bxf5 Qxf5 22. Rb1 b6 23. Rb3 Rfe8 24. Rg3 f6 25. a4 Re7 26. Qa1 Rae8 27. a5 bxa5 28. Qxa5 Qc2 29. Qc3 Qxc3 30. Rxc3 a5 31. Ra3 Ra8 32. Kf2 a4 33. Rh3 Rb7 34. Rxh5 Rb4 35. Kf3 Rxc4 36. Rh1 Kf7 37. g4 Rb8 38. Rha1 Ra8 39. R1a2 Rb4 40. Ke2 Ke7 41. Kd2 g5 42. fxg5 fxg5 43. Kc3 Rxg4 44. Rb2 Kf6 45. Ra1 a3 46. Rb7 a2 47. Kd3 Ra3+ 0-1

[Event "North Sea Cup 21st"]
[Site "Esbjerg"]
[Date "2006.07.13"]
[Round "7"]
[White "Veng, Johny"]
[Black "Nielsen, Per"]
[Result "1/2-1/2"]
[WhiteElo "2239"]
[BlackElo "2071"]
[PlyCount "91"]
[EventDate "2006.07.08"]
[EventType "swiss"]
[EventRounds "9"]
[EventCountry "DEN"]
[SourceTitle "CBM 113 Extra"]
[Source "ChessBase"]
[SourceDate "2006.09.14"]
[SourceVersion "1"]
[SourceVersionDate "2006.09.14"]
[SourceQuality "1"]

1. e4 c5 2. Nc3 Nc6 3. g3 g6 4. Bg2 Bg7 5. d3 e6 6. Be3 Qa5 7. Nge2 Nge7 8. 0-0 0-0 9. f4 d5 10. Bf2 d4 11. Nb1 Qc7 12. Nd2 b6 13. Nf3 Bb7 14. Be1 Rad8 15. Bd2 Qd7 16. Kh1 f5 17. e5 Nd5 18. Qc1 Nce7 19. Rd1 h6 20. c4 Nc7 21. b4 Rb8 22. Rb1 Kh7 23. h4 Nc6 24. bxc5 bxc5 25. Qa3 Na6 26. Qa4 Nxe5 27. Qxd7 Nxd7 28. Rxb7 Rxb7 29. Ng5+ hxg5 30. Bxb7 Nc7 31. hxg5 Rb8 32. Rb1 Ne8 33. Rb3 Nd6 34. Bc6 Rxb3 35. axb3 Nb8 36. Bf3 Na6 37. Bc6 Nb8 38. Ba4 Na6 39. Kg2 e5 40. fxe5 Bxe5 41. Nf4 Nc7 42. Bd7 Nf7 43. Ne6 Nxe6 44. Bxe6 Kg7 45. Kf3 Bd6 46. Bf4 1/2-1/2

[Event "DEN-ch MA7 Gr2"]
[Site "Koge"]
[Date "2004.04.09"]
[Round "4"]
[White "Nielsen, Per"]
[Black "Mortensen, Henrik"]
[Result "1/2-1/2"]
[WhiteElo "2058"]
[BlackElo "2041"]
[PlyCount "89"]
[EventDate "2004.04.06"]
[EventType "tourn"]
[EventRounds "7"]
[EventCountry "DEN"]
[SourceTitle "EXT 2018"]
[Source "ChessBase"]
[SourceDate "2017.10.13"]
[SourceVersion "1"]
[SourceVersionDate "2017.10.13"]
[SourceQuality "1"]

1. d4 d5 2. c4 e6 3. cxd5 exd5 4. Nc3 Be7 5. Nf3 Nf6 6. Bg5 h6 7. Bh4 0-0 8. e3 c6 9. Bd3 Be6 10. Qc2 Nbd7 11. 0-0 c5 12. Rae1 Rc8 13. Qb1 c4 14. Bf5 a6 15. Bg3 b5 16. Ne5 Nxe5 17. dxe5 Nh5 18. Bxe6 fxe6 19. Qg6 Nxg3 20. Qxe6+ Kh8 21. hxg3 Bb4 22. Rd1 Bxc3 23. Rxd5 Bxb2 24. Rxd8 Rfxd8 25. Qxa6 Bxe5 26. Qxb5 Bf6 27. Rc1 c3 28. Qf5 Ra8 29. e4 Bd4 30. Rc2 Rf8 31. Qd5 Rad8 32. Qc6 Bxf2+ 33. Rxf2 Rd1+ 34. Kh2 Rxf2 35. Qxc3 Rdd2 36. Kh3 Rxa2 37. e5 Ra8 38. Qc6 Rfa2 39. Kg4 R2a6 40. Qd7 R6a7 41. Qd5 Ra5 42. Qe6 R5a6 43. Qf7 R6a7 44. Qg6 Re7 45. Kf4 1/2-1/2

[Event "DEN-ch MA7 Gr2"]
[Site "Koge"]
[Date "2004.04.07"]
[Round "2"]
[White "Nielsen, Per"]
[Black "Jensen, Stig Gorm"]
[Result "1/2-1/2"]
[WhiteElo "2058"]
[BlackElo "2081"]
[PlyCount "177"]
[EventDate "2004.04.06"]
[EventType "tourn"]
[EventRounds "7"]
[EventCountry "DEN"]
[SourceTitle "EXT 2018"]
[Source "ChessBase"]
[SourceDate "2017.10.13"]
[SourceVersion "1"]
[SourceVersionDate "2017.10.13"]
[SourceQuality "1"]

1. d4 f5 2. g3 Nf6 3. Bg2 e6 4. Nh3 d6 5. 0-0 Nc6 6. c4 e5 7. Bxc6+ bxc6 8. dxe5 Ng4 9. exd6 cxd6 10. Nc3 Be7 11. Qc2 0-0 12. b3 Bd7 13. Bb2 Qc7 14. Rad1 Rae8 15. Nf4 g5 16. Nh5 Be6 17. Ng7 Qd7 18. Nxe8 Qxe8 19. h3 Ne5 20. Kg2 Qh5 21. Rh1 f4 22. g4 f3+ 23. exf3 Qh4 24. Ne4 Nxf3 25. Qc3 Ne5 26. Qg3 Ng6 27. Qxh4 Nxh4+ 28. Kf1 d5 29. Nd2 Bc5 30. Ke2 Rxf2+ 31. Kd3 dxc4+ 32. bxc4 Ng2 33. Ne4 Rf3+ 34. Kd2 Bb4+ 35. Kc2 Bxc4 36. Rd8+ Bf8 37. Nxg5 Ne3+ 38. Kc3 Rf2 39. Ba3 Bd5 40. Rb1 Ng2 41. Rg1 Nh4 42. Bxf8 Rxf8 43. Rxf8+ Kxf8 44. Rf1+ Kg7 45. Kd4 h6 46. Ne4 Bxa2 47. Ra1 Bd5 48. Rxa7+ Kg6 49. Ng3 Ng2 50. Nh5 Kg5 51. Rh7 Ne1 52. Ke3 Nc2+ 53. Kf2 Nd4 54. Ng3 Kg6 55. Rd7 Kg5 56. Rh7 Kg6 57. Rh8 Kg7 58. Re8 Kg6 59. Ke3 Ne6 60. h4 Ng7 61. Rc8 Kf6 62. Kd4 Kg6 63. Ke5 Bf3 64. Kf4 Bd5 65. Nf5 Nxf5 66. gxf5+ Kf6 67. Rc7 h5 68. Rh7 c5 69. Rxh5 c4 70. Rh6+ Ke7 71. Rg6 c3 72. Ke3 c2 73. Kd2 Bf3 74. Kxc2 Be4+ 75. Kd2 Bxf5 76. Rg5 Kf6 77. Ke3 Bb1 78. Kf4 Bc2 79. Rc5 Bd1 80. Rc6+ Kg7 81. Kg5 Bb3 82. h5 Ba2 83. Rc7+ Kh8 84. h6 Bb1 85. Rb7 Bd3 86. Rb8+ Kh7 87. Rd8 Bc2 88. Rd7+ Kh8 89. Rg7 1/2-1/2